01084nam a2200241Ia 450000100060000000300090000600800410001504000130005604000130006904100130008210000210009510000290011624500330014524500330017825000110021126000100022226000120023226000490024430000430029350004510033665000240078765000310081137967IT-RoPAU130308s9999 xx 000 0 und d aIT-RoPAU cIT-RoPAU aFRANCESE aBaudrillard Jean gCodice Aut. SPICS: 9442 aMiroir de la production (Le) bMiroir de la Production (Le) a1a ed. aPARIS bGalilee c1985 [1° Ed.:1985 - Ed.Ling.Originale:1985] a"188 p. (prefazione: no ; testo: 188)" aSpecchio della Produzione Illusione Critica del materialismo Storico Concetto di Lavoro forza di Lavoro Etica del Lavoro Marx e Il Geroglifico del Valore Concetti Marxisti Economia Politica Antropologia marxista e Il dominio della Natura Limiti Strutturali della Critica marxista materialismo Storico e Società primitive materialismo ed Etnocentrismo Modo Arcaico e Feudale del Lavoro Schiavo Atigiano Marxismo e Il Sistema di Economia Politica aSAGGI DI SOCIOLOGIA eCodice materia Spics: 3657